| Tag |
First Indicator |
Second Indicator |
Subfields |
| LEADER |
00000cam a2200000 a 4500 |
| 001 |
in00002188513 |
| 005 |
20151104072934.0 |
| 008 |
060222s2006 nyu 000 1 eng |
| 010 |
|
|
|a 2006006120
|
| 020 |
|
|
|a 0441014070 (hardcover)
|
| 024 |
3 |
|
|a 9780441014071
|
| 035 |
|
|
|a (OCoLC)ocm64289222
|
| 040 |
|
|
|a DLC
|c DLC
|d BAKER
|d IK2
|d C#P
|d UPZ
|d TXA
|d UtOrBLW
|
| 049 |
|
|
|a TXAM
|
| 050 |
0 |
0 |
|a PS3558.A353
|b S47 2006
|
| 082 |
0 |
0 |
|a 813/.54
|2 22
|
| 100 |
1 |
|
|a Haldeman, Joe W.
|
| 245 |
1 |
2 |
|a A separate war and other stories /
|c Joe Haldeman.
|
| 250 |
|
|
|a 1st ed.
|
| 264 |
|
1 |
|a New York :
|b Ace Books,
|c 2006.
|
| 300 |
|
|
|a xviii, 269 pages ;
|c 24 cm.
|
| 336 |
|
|
|a text
|b txt
|2 rdacontent
|
| 337 |
|
|
|a unmediated
|b n
|2 rdamedia
|
| 338 |
|
|
|a volume
|b nc
|2 rdacarrier
|
| 505 |
0 |
|
|a Meet Joe Haldeman -- Introduction: The secret of writing -- A separate war -- Diminished chord -- Giza -- Foreclosure -- Four short novels -- For White Hill -- Finding my shadow -- Civil disobedience -- Memento mori -- Faces -- Heartwired -- Brochure -- Out of phase -- Power complex -- Fantasy for six electrodes and one adrenaline drip -- Notes on the stories.
|
| 650 |
|
0 |
|a Science fiction, American.
|
| 938 |
|
|
|a Baker & Taylor
|b BKTY
|c 23.95
|d 17.96
|i 0441014070
|n 0006676245
|s active
|
| 994 |
|
|
|a C0
|b TXA
|
| 948 |
|
|
|a cataloged
|b h
|c 2006/9/13
|d c
|e jlanham
|f 1:31:40 pm
|
| 999 |
|
|
|a MARS
|
| 999 |
f |
f |
|s ec2b7842-8997-378c-a2b1-098796547275
|i 03b8db73-8899-3404-8bb2-3d47ca255ad6
|t 0
|
| 952 |
f |
f |
|p ric
|a Texas A&M University
|b Rellis Campus
|c Joint Library Facility
|s JLF
|d Remote Storage
|t 0
|e PS3558.A353 S47 2006
|h Library of Congress classification
|i unmediated -- volume
|m A14836360150
|
| 998 |
f |
f |
|a PS3558.A353 S47 2006
|t 0
|l Remote Storage
|